000 01422nam a22004097a 4500
003 CHAP
005 20220329134140.0
008 971013s1993 r 00010 d
010 _a16149
011 _a17121
035 _a21204
040 _cCHAP
090 _aTesis
100 0 0 _aGarcía Cancino, Armando Hermelindo.
_945809
245 _aInsectos biotransmisores de virus y micoplasmas en México
_b: un análisis documental
260 _aChapingo, Méx. :
_bEl autor,
_c1993
300 _a187 h.
_b: ilus.
502 _aTesis (Ing. Agr. Esp. en Fitotecnia) -- UACH. Departamento de Fitotecnia
590 _aALEPH
_b10
_c20130110
_lUCH01
_h1238
590 _aBATCH-UPD
_b10
_c20130110
_lUCH01
_h0201
590 _aBATCH-UPD
_b10
_c20130110
_lUCH01
_h2121
590 _aBATCH-UPD
_b10
_c20130410
_lUCH01
_h1430
590 _aBATCH-UPD
_b10
_c20130914
_lUCH01
_h1135
590 _aCONVERSION
_b10
_c20130109
_lUCH01
_h1310
650 1 4 _aAphis gossypii.
_96233
650 1 4 _aDalbulus maidis.
_930930
650 1 4 _aInsectos como vectores.
_958956
650 1 4 _aMicoplasma.
_975483
650 1 4 _aMyndus crudus.
_979958
650 1 4 _aMyzus persicae.
_979968
650 1 4 _aPlantas
_xEnfermedades por micoplasma.
_988832
901 _aBK
942 _cFOLL
949 _bBC
_cTES
_d-49410
_eTS1
_h26786
_i21204
_si
949 _bBC
_cTES
_d-49412
_eTS2
_fc.2
_h26787
_i21204
_si
949 _bBC
_cTES
_d-49413
_eTS2
_fc.3
_h26788
_i21204
_si
999 _c16149
_d16149